[Event "GER CupT"]
[Site "Augsburg"]
[Date "2025.06.15"]
[Round "2.2"]
[White "Shirov, Alexei"]
[Black "Wagner, Dennis"]
[Result "1/2-1/2"]
[WhiteElo "2620"]
[BlackElo "2619"]
[PlyCount "84"]
[EventDate "2025.06.14"]
[EventType "team-k.o."]
[EventRounds "5"]
[EventCountry "GER"]
[SourceTitle "CB25_2025"]
[SourceDate "2025.06.18"]
[SourceVersion "1"]
[SourceVersionDate "2025.06.18"]
[SourceQuality "1"]
[WhiteTeam "Baden-Baden"]
[BlackTeam "Viernheim"]
[WhiteTeamCountry "GER"]
[BlackTeamCountry "GER"]

1. c4 Nf6 2. Nf3 e6 3. g3 d5 4. Bg2 Be7 5. b3 c5 6. cxd5 exd5 7. d4 Nc6 8. 0-0 0-0 9. Bb2 Ne4 10. dxc5 Bxc5 11. Nc3 Nxc3 12. Bxc3 d4 13. Bb2 Qb6 14. Rc1 Rd8 15. Qd3 h6 16. a3 a5 17. a4 Be7 18. Qb5 Qa7 19. Ne5 Nxe5 20. Qxe5 Bf6 21. Qh5 Qb6 22. Qb5 Qxb5 23. axb5 Bd7 24. Bxb7 Rab8 25. Bc6 Bxc6 26. bxc6 Rxb3 27. Ba1 Rc8 28. Rc5 a4 29. Rfc1 a3 30. Ra5 d3 31. Bxf6 gxf6 32. exd3 Rxd3 33. Rc4 Rc7 34. Kg2 Kh7 35. h4 Rd6 36. Rxa3 Rcxc6 37. Rf4 Ra6 38. Raf3 Rab6 39. Kh3 Ra6 40. Rg4 Rab6 41. Rf5 Re6 42. Rgf4 Kg7 1/2-1/2

[Event "GER CupT"]
[Site "Augsburg"]
[Date "2025.06.15"]
[Round "3.2"]
[White "Wagner, Dennis"]
[Black "Shirov, Alexei"]
[Result "0-1"]
[WhiteElo "2619"]
[BlackElo "2620"]
[PlyCount "80"]
[EventDate "2025.06.14"]
[EventType "team-k.o."]
[EventRounds "5"]
[EventCountry "GER"]
[SourceTitle "CB25_2025"]
[SourceDate "2025.06.18"]
[SourceVersion "1"]
[SourceVersionDate "2025.06.18"]
[SourceQuality "1"]
[WhiteTeam "Viernheim"]
[BlackTeam "Baden-Baden"]
[WhiteTeamCountry "GER"]
[BlackTeamCountry "GER"]

1. d4 d5 2. c4 c6 3. Nf3 Nf6 4. g3 g6 5. Bg2 Bg7 6. 0-0 0-0 7. a4 a5 8. cxd5 Nxd5 9. Bg5 h6 10. Bd2 Na6 11. Nc3 Be6 12. e4 Ndb4 13. h3 Bc4 14. Re1 Nd3 15. Re2 Nxb2 16. Qc2 Nd3 17. Nd1 b5 18. axb5 cxb5 19. Bxa5 Qd7 20. Ne3 Ndb4 21. Qd2 Bxe2 22. Qxe2 Nc6 23. Bc3 Nc7 24. Rd1 Ra4 25. e5 e6 26. Qb2 b4 27. Be1 Rfa8 28. Nc4 Nd5 29. Nd6 Ra2 30. Qb1 Ra1 31. Qxa1 Rxa1 32. Rxa1 f6 33. Ne4 fxe5 34. dxe5 Nxe5 35. Ra8+ Kh7 36. Nxe5 Bxe5 37. Nc5 Qc6 38. Ra7+ Kg8 39. Bxb4 Bd4 40. Nd3 Bxa7 0-1

[Event "WchT Rapid"]
[Site "London"]
[Date "2025.06.13"]
[Round "10.1"]
[White "Rapport, Richard"]
[Black "Shirov, Alexei"]
[Result "1-0"]
[WhiteElo "2709"]
[BlackElo "2707"]
[PlyCount "59"]
[EventDate "2025.06.11"]
[EventType "team-swiss"]
[EventRounds "12"]
[EventCountry "ENG"]
[SourceTitle "CB25_2025"]
[SourceDate "2025.06.18"]
[SourceVersion "1"]
[SourceVersionDate "2025.06.18"]
[SourceQuality "1"]
[WhiteTeam "KazChess"]
[BlackTeam "Global Ramblers"]
[WhiteTeamCountry "KAZ"]
[BlackTeamCountry "UKR"]

1. e4 e6 2. d3 d5 3. Nd2 Nf6 4. Ngf3 b5 5. e5 Nfd7 6. d4 b4 7. a3 bxa3 8. b3 c5 9. Bxa3 cxd4 10. Bxf8 Rxf8 11. Bb5 Qb6 12. Ba4 Ba6 13. Qc1 Bb5 14. Bxb5 Qxb5 15. Nxd4 Qc5 16. Qb2 Nxe5 17. 0-0 Nbd7 18. Rfe1 Rc8 19. Re3 Ng4 20. Rg3 h5 21. h3 Ngf6 22. Re1 g6 23. c4 a5 24. Rg5 Nb6 25. Nxe6 fxe6 26. Rxe6+ Kd7 27. Rxf6 Rxf6 28. Ne4 Qe7 29. Nxf6+ Kc6 30. Rxg6 1-0

[Event "WchT Rapid"]
[Site "London"]
[Date "2025.06.12"]
[Round "7.1"]
[White "Pichot, Alan"]
[Black "Shirov, Alexei"]
[Result "0-1"]
[WhiteElo "2564"]
[BlackElo "2707"]
[PlyCount "84"]
[EventDate "2025.06.11"]
[EventType "team-swiss"]
[EventRounds "12"]
[EventCountry "ENG"]
[SourceTitle "CB25_2025"]
[SourceDate "2025.06.18"]
[SourceVersion "1"]
[SourceVersionDate "2025.06.18"]
[SourceQuality "1"]
[WhiteTeam "Duobeniajan Costa Calida"]
[BlackTeam "Global Ramblers"]
[WhiteTeamCountry "ESP"]
[BlackTeamCountry "UKR"]

1. e4 e6 2. d4 d5 3. Nc3 Nf6 4. e5 Nfd7 5. f4 c5 6. Nf3 Nc6 7. Ne2 Be7 8. c3 0-0 9. Be3 f6 10. g3 Qb6 11. Qc1 a5 12. Bh3 cxd4 13. Nexd4 Nxd4 14. Bxd4 Bc5 15. Qc2 fxe5 16. Bxc5 Nxc5 17. Nxe5 Nd7 18. Nf3 e5 19. Bxd7 Bxd7 20. Nxe5 Bf5 21. Qf2 Qb5 22. 0-0-0 Qa4 23. b3 Qa3+ 24. Qb2 Qc5 25. Rd4 b5 26. Kd2 b4 27. cxb4 axb4 28. Ke3 Rxa2 29. Qxa2 Qc3+ 30. Rd3 Bxd3 31. Qa1 d4+ 32. Kf3 Bc2+ 33. Kg4 d3 34. Qa6 Qxb3 35. Qd6 d2 36. Qxd2 Be4 37. Re1 Qe6+ 38. Kh4 Qh6+ 39. Kg4 Qe6+ 40. Kh4 g5+ 41. Kxg5 Rf5+ 42. Kh4 Qh6+ 0-1

[Event "Kuressaare Saaremaa Rapid op"]
[Site "Kuressaare"]
[Date "2025.05.31"]
[Round "1"]
[White "Shirov, Alexei"]
[Black "Agafonov, Yuri"]
[Result "1-0"]
[WhiteElo "2620"]
[BlackElo "2096"]
[PlyCount "79"]
[EventDate "2025.05.31"]
[EventType "swiss (rapid)"]
[EventRounds "11"]
[EventCountry "EST"]
[SourceTitle "CB28_2025"]
[SourceDate "2025.07.09"]
[SourceVersion "1"]
[SourceVersionDate "2025.07.09"]
[SourceQuality "1"]

1. e4 d6 2. d4 Nf6 3. Nc3 g6 4. f4 Bg7 5. Nf3 c6 6. Bd3 0-0 7. e5 Nd5 8. h4 Nxc3 9. bxc3 Bg4 10. h5 dxe5 11. fxe5 c5 12. Rh4 Qd7 13. Qe2 Nc6 14. Be3 cxd4 15. cxd4 Nb4 16. Be4 Rac8 17. Qd2 a5 18. hxg6 fxg6 19. c3 Bxf3 20. gxf3 Nd5 21. Bh6 e6 22. Bxg7 Qxg7 23. Rc1 b5 24. Kf2 Ne7 25. Rch1 b4 26. cxb4 axb4 27. Qxb4 Nf5 28. Rxh7 Qxh7 29. Rxh7 Kxh7 30. Bxf5 exf5 31. d5 Rb8 32. Qe7+ Kg8 33. e6 f4 34. Ke2 Ra8 35. a3 Rae8 36. Qg5 Kh7 37. Qe5 Rf5 38. Qe4 Kg8 39. d6 Kf8 40. d7 1-0

[Event "Kuressaare Saaremaa Rapid op"]
[Site "Kuressaare"]
[Date "2025.05.31"]
[Round "5"]
[White "Shirov, Alexei"]
[Black "Kulaots, Kaido"]
[Result "1-0"]
[WhiteElo "2620"]
[BlackElo "2504"]
[PlyCount "135"]
[EventDate "2025.05.31"]
[EventType "swiss (rapid)"]
[EventRounds "11"]
[EventCountry "EST"]
[SourceTitle "CB28_2025"]
[SourceDate "2025.07.09"]
[SourceVersion "1"]
[SourceVersionDate "2025.07.09"]
[SourceQuality "1"]

1. e4 c5 2. Nf3 d6 3. d4 cxd4 4. Nxd4 Nf6 5. Nc3 a6 6. Be3 e5 7. Nb3 Be7 8. f3 Be6 9. Qd2 0-0 10. 0-0-0 Nbd7 11. g4 b5 12. g5 Nh5 13. Kb1 Nb6 14. Na5 Rc8 15. Rg1 g6 16. h4 Qc7 17. Nd5 Nxd5 18. exd5 Bd7 19. c4 bxc4 20. Rc1 c3 21. Rxc3 Bf5+ 22. Ka1 Qd7 23. Nc6 Ra8 24. Ra3 Rfe8 25. Rxa6 Bf8 26. Qa5 Rxa6 27. Qxa6 Nf4 28. Bc4 Bh3 29. a4 Qf5 30. Qb5 e4 31. Nd4 Qe5 32. Rd1 Ra8 33. Qb3 exf3 34. Nxf3 Qe4 35. Rd4 Qxf3 36. Rxf4 Qh1+ 37. Ka2 Bd7 38. Bb5 Bf5 39. Rxf5 gxf5 40. Bc6 Ra5 41. Bb6 Ra6 42. a5 Bg7 43. Bb7 Rxb6 44. Qxb6 Qd1 45. Qb3 Qd2 46. a6 Qd4 47. Qa3 Qc4+ 48. Kb1 Qe4+ 49. Ka1 Bd4 50. a7 Bxa7 51. Qxa7 f4 52. Qa5 f3 53. Ka2 Qc4+ 54. Ka3 Qd3+ 55. b3 Kg7 56. Ba6 Qd4 57. Bc4 f2 58. Qd8 Qa7+ 59. Kb4 Qc5+ 60. Ka4 Qxc4+ 61. bxc4 f1Q 62. Kb5 Qf2 63. Qf6+ Qxf6 64. gxf6+ Kxf6 65. Kc6 Ke7 66. Kc7 f5 67. c5 f4 68. cxd6+ 1-0

[Event "Bundesliga 2425"]
[Site "Germany"]
[Date "2025.04.27"]
[Round "15.5"]
[White "Shirov, Alexei"]
[Black "Dinstuhl, Volkmar"]
[Result "1-0"]
[WhiteElo "2666"]
[BlackElo "2384"]
[PlyCount "67"]
[EventDate "2024.09.28"]
[EventType "team-tourn"]
[EventRounds "15"]
[EventCountry "GER"]
[SourceTitle "CB18_2025"]
[SourceDate "2025.04.30"]
[SourceVersion "1"]
[SourceVersionDate "2025.04.30"]
[SourceQuality "1"]
[WhiteTeam "Baden-Baden"]
[BlackTeam "Muelheim Nord"]
[WhiteTeamCountry "GER"]
[BlackTeamCountry "GER"]

1. e4 c5 2. Nf3 d6 3. d4 cxd4 4. Nxd4 Nf6 5. Nc3 a6 6. Be3 e5 7. Nb3 Be6 8. f3 Be7 9. Qd2 0-0 10. 0-0-0 Nbd7 11. g4 b5 12. g5 Nh5 13. Kb1 Nb6 14. Na5 Rc8 15. a3 g6 16. h4 Ng3 17. Rg1 Nxf1 18. Rgxf1 Na4 19. Nxa4 bxa4 20. f4 exf4 21. Rxf4 Qd7 22. h5 Qb5 23. Rh1 Rb8 24. c4 Bxc4 25. Nxc4 Qxc4 26. Qh2 gxh5 27. Ka1 Rb3 28. e5 Qd3 29. Rxa4 Rfb8 30. Bd4 R8b4 31. Rxb4 Rxa3+ 32. bxa3 Qxa3+ 33. Kb1 Qxb4+ 34. Qb2 1-0

[Event "Bundesliga 2425"]
[Site "Germany"]
[Date "2025.04.26"]
[Round "14.5"]
[White "Markus, Robert"]
[Black "Shirov, Alexei"]
[Result "1/2-1/2"]
[WhiteElo "2586"]
[BlackElo "2666"]
[PlyCount "45"]
[EventDate "2024.09.28"]
[EventType "team-tourn"]
[EventRounds "15"]
[EventCountry "GER"]
[SourceTitle "CB18_2025"]
[SourceDate "2025.04.30"]
[SourceVersion "1"]
[SourceVersionDate "2025.04.30"]
[SourceQuality "1"]
[WhiteTeam "Kirchweyhe"]
[BlackTeam "Baden-Baden"]
[WhiteTeamCountry "GER"]
[BlackTeamCountry "GER"]

1. c4 c6 2. Nf3 d5 3. e3 Nf6 4. Nc3 e6 5. d4 Nbd7 6. Be2 Bd6 7. 0-0 0-0 8. b3 b6 9. Bb2 Bb7 10. Rc1 Qe7 11. Rc2 Rac8 12. Qc1 Ne4 13. Nxe4 dxe4 14. Ne5 Nxe5 15. dxe5 Bc7 16. c5 bxc5 17. Rxc5 Rfd8 18. Rc2 Rd5 19. Bc4 Rd7 20. Rd2 Rxd2 21. Qxd2 Rd8 22. Qc2 c5 23. Rd1 1/2-1/2

[Event "Bundesliga 2425"]
[Site "Germany"]
[Date "2025.04.25"]
[Round "13.5"]
[White "Banusz, Tamas"]
[Black "Shirov, Alexei"]
[Result "1-0"]
[WhiteElo "2605"]
[BlackElo "2666"]
[PlyCount "150"]
[EventDate "2024.09.28"]
[EventType "team-tourn"]
[EventRounds "15"]
[EventCountry "GER"]
[SourceTitle "CB18_2025"]
[SourceDate "2025.04.30"]
[SourceVersion "1"]
[SourceVersionDate "2025.04.30"]
[SourceQuality "1"]
[WhiteTeam "Deizisau"]
[BlackTeam "Baden-Baden"]
[WhiteTeamCountry "GER"]
[BlackTeamCountry "GER"]

1. Nf3 d5 2. g3 Nf6 3. Bg2 Bg4 4. h3 Bh5 5. c4 c6 6. 0-0 e6 7. Qb3 Qb6 8. d3 Nbd7 9. Qc2 dxc4 10. Qxc4 Bxf3 11. Bxf3 Ne5 12. Qf4 Nxf3+ 13. Qxf3 Be7 14. Nd2 0-0 15. Nc4 Qd4 16. Bd2 Rfd8 17. Rab1 Qd5 18. Kg2 Ne8 19. Rfc1 Qxf3+ 20. Kxf3 Nd6 21. Na5 Rd7 22. a4 Nf5 23. Bc3 Rc8 24. b4 b6 25. Nc4 f6 26. Ba1 b5 27. Na5 Rdc7 28. Rc2 bxa4 29. Ra2 c5 30. b5 Rb8 31. Nc4 Nd6 32. Nxd6 Bxd6 33. Rxa4 Kf7 34. Bc3 Rcb7 35. Bd2 Rxb5 36. Rxa7+ Be7 37. Rxb5 Rxb5 38. g4 e5 39. h4 Ke6 40. h5 Rb8 41. Bc1 Rc8 42. Ba3 g6 43. Ra6+ Bd6 44. e3 Kd5 45. Ke2 gxh5 46. gxh5 f5 47. e4+ Ke6 48. exf5+ Kd5 49. Ra7 Rc7 50. Rxc7 Bxc7 51. Kf3 Bd8 52. Bb2 Bh4 53. Bc3 Bg5 54. Kg4 Bh6 55. f3 Kd6 56. Be1 Kd5 57. Bh4 Bf8 58. Bd8 Bh6 59. Be7 Bd2 60. Bf8 Be3 61. Bg7 Bf4 62. Bf6 Bd2 63. Bg5 Ba5 64. f6 Ke6 65. f7 Kxf7 66. Kf5 Bc7 67. Bf6 Ba5 68. Bxe5 Be1 69. Bd6 Bf2 70. Bf4 Bd4 71. Bg5 Bf2 72. Ke5 Bg3+ 73. Kd5 Bf2 74. f4 Be3 75. Ke4 Bd2 1-0

[Event "Karlsruhe Grenke op"]
[Site "Karlsruhe"]
[Date "2025.04.19"]
[Round "4"]
[White "Shirov, Alexei"]
[Black "Nurgaliyeva, Zarina"]
[Result "1/2-1/2"]
[WhiteElo "2650"]
[BlackElo "2199"]
[PlyCount "69"]
[EventDate "2025.04.17"]
[EventType "swiss"]
[EventRounds "9"]
[EventCountry "GER"]
[SourceTitle "CB17_2025"]
[SourceDate "2025.04.23"]
[SourceVersion "1"]
[SourceVersionDate "2025.04.23"]
[SourceQuality "1"]

1. e4 c6 2. Nf3 d5 3. Nc3 Bg4 4. h3 Bxf3 5. Qxf3 e6 6. d4 dxe4 7. Nxe4 Qxd4 8. Be2 Nf6 9. Nxf6+ Qxf6 10. Qb3 b6 11. Be3 Nd7 12. Qa4 b5 13. Qe4 Qxb2 14. 0-0 Rc8 15. Bd4 Qb4 16. c4 c5 17. Rfb1 Qa4 18. Be3 b4 19. a3 b3 20. Bd1 Bd6 21. Rxb3 Nf6 22. Rb8 Nxe4 23. Bxa4+ Kd8 24. Rb7 Rc7 25. Rb8+ Rc8 26. Rb3 Kc7 27. f3 Ng3 28. Bd2 Rb8 29. Ba5+ Kc8 30. Rxb8+ Bxb8 31. Bb5 Bc7 32. Ba6+ Kd7 33. Bb5+ Kc8 34. Ba6+ Kd7 35. Bb5+ 1/2-1/2

[Event "Titled Tuesday intern op 01st Apr Late"]
[Site "Chess.com INT"]
[Date "2025.04.01"]
[Round "3"]
[White "Lazavik, Denis"]
[Black "Shirov, Alexei"]
[Result "0-1"]
[WhiteElo "2577"]
[BlackElo "2650"]
[PlyCount "118"]
[EventDate "2025.04.01"]
[EventType "swiss (blitz)"]
[EventRounds "11"]
[EventCountry "USA"]
[SourceTitle "CB21_2025"]
[SourceDate "2025.05.21"]
[SourceVersion "1"]
[SourceVersionDate "2025.05.21"]
[SourceQuality "1"]

1. d4 d5 2. c4 c6 3. Nf3 Nf6 4. g3 g6 5. Bg2 Bg7 6. 0-0 0-0 7. Qa4 Nbd7 8. cxd5 Nb6 9. Qb3 Qxd5 10. Qb4 Qc4 11. Qe1 Bg4 12. Nbd2 Qb5 13. h3 Be6 14. e4 a5 15. Qe3 a4 16. Re1 Rac8 17. Bf1 Qa5 18. b4 axb3 19. Nxb3 Qa7 20. Nc5 Bc4 21. Rb1 Bxf1 22. Rxf1 Nc4 23. Qe2 b5 24. a4 Nd7 25. Nxd7 Qxd7 26. Kg2 Bxd4 27. Bh6 Rfd8 28. Rfd1 e5 29. Bg5 Re8 30. Nh2 f5 31. Nf3 fxe4 32. Qxe4 Nd6 33. Qe2 bxa4 34. Qa2+ Qf7 35. Qxf7+ Nxf7 36. Bc1 Rb8 37. Rxb8 Rxb8 38. Nxd4 Rd8 39. Bb2 exd4 40. Rxd4 Rxd4 41. Bxd4 Nd6 42. Kf3 Nb5 43. Ba1 Kf7 44. Ke4 Ke6 45. f4 c5 46. g4 Nd6+ 47. Kd3 Kd5 48. Bb2 Nb5 49. f5 gxf5 50. gxf5 c4+ 51. Ke3 c3 52. Ba1 Kc4 53. f6 Nd6 54. h4 a3 55. h5 Kb3 56. Kd3 c2 57. Kd2 Ne4+ 58. Kc1 Nc5 59. Kd2 Nd3 0-1

[Event "Titled Tuesday intern op 01st Apr Late"]
[Site "Chess.com INT"]
[Date "2025.04.01"]
[Round "10"]
[White "Shirov, Alexei"]
[Black "Narayanan, Sunilduth Lyna"]
[Result "1-0"]
[WhiteElo "2650"]
[BlackElo "2601"]
[PlyCount "53"]
[EventDate "2025.04.01"]
[EventType "swiss (blitz)"]
[EventRounds "11"]
[EventCountry "USA"]
[SourceTitle "CB15_2025"]
[SourceDate "2025.04.09"]
[SourceVersion "1"]
[SourceVersionDate "2025.04.09"]
[SourceQuality "1"]

1. e4 c5 2. Nf3 e6 3. d4 cxd4 4. Nxd4 a6 5. c4 Nf6 6. Nc3 Qc7 7. a3 b6 8. Be3 Bb7 9. f3 d6 10. Rc1 Be7 11. g4 Nbd7 12. g5 Nh5 13. f4 g6 14. Be2 Nc5 15. Bxh5 gxh5 16. Qxh5 Nd3+ 17. Kd2 Nxc1 18. Rxc1 Qd7 19. f5 0-0-0 20. Qxf7 exf5 21. Nxf5 Rde8 22. Nd5 Bxd5 23. cxd5+ Kb8 24. Rc6 Rhf8 25. Rxb6+ Kc7 26. Qg7 Rxf5 27. Qc3+ 1-0

[Event "Bundesliga 2425"]
[Site "Germany"]
[Date "2025.03.24"]
[Round "12.8"]
[White "Shirov, Alexei"]
[Black "Babula, Vlastimil"]
[Result "1/2-1/2"]
[WhiteElo "2666"]
[BlackElo "2503"]
[PlyCount "59"]
[EventDate "2024.09.28"]
[EventType "team-tourn"]
[EventRounds "15"]
[EventCountry "GER"]
[SourceTitle "CB13_2025"]
[SourceDate "2025.03.26"]
[SourceVersion "1"]
[SourceVersionDate "2025.03.26"]
[SourceQuality "1"]
[WhiteTeam "Baden-Baden"]
[BlackTeam "Werder Bremen"]
[WhiteTeamCountry "GER"]
[BlackTeamCountry "GER"]

1. e4 c5 2. Nf3 d6 3. d4 cxd4 4. Nxd4 Nf6 5. Nc3 Nc6 6. Bg5 e6 7. Qd2 a6 8. 0-0-0 Bd7 9. f4 Be7 10. Nf3 b5 11. Bxf6 gxf6 12. Bd3 Qb6 13. Kb1 b4 14. Ne2 h5 15. f5 e5 16. c3 a5 17. Bc4 Rc8 18. Rc1 Bf8 19. Qd5 Nd8 20. cxb4 axb4 21. Bb3 Bh6 22. Rxc8 Bxc8 23. Rd1 Ke7 24. Ne1 Rg8 25. Qd3 Bb7 26. Bd5 Ba6 27. Bc4 Bb7 28. Bd5 Ba6 29. Bc4 Bb7 30. Bd5 1/2-1/2

[Event "Bundesliga 2425"]
[Site "Germany"]
[Date "2025.03.23"]
[Round "11.7"]
[White "Krause, Benedict"]
[Black "Shirov, Alexei"]
[Result "1/2-1/2"]
[WhiteElo "2404"]
[BlackElo "2666"]
[PlyCount "119"]
[EventDate "2024.09.28"]
[EventType "team-tourn"]
[EventRounds "15"]
[EventCountry "GER"]
[SourceTitle "CB13_2025"]
[SourceDate "2025.03.26"]
[SourceVersion "1"]
[SourceVersionDate "2025.03.26"]
[SourceQuality "1"]
[WhiteTeam "St Pauli"]
[BlackTeam "Baden-Baden"]
[WhiteTeamCountry "GER"]
[BlackTeamCountry "GER"]

1. e4 c5 2. Nf3 d6 3. Bb5+ Bd7 4. Bxd7+ Nxd7 5. 0-0 Ngf6 6. Re1 e6 7. c3 Be7 8. d4 cxd4 9. cxd4 d5 10. e5 Ne4 11. Nbd2 Nxd2 12. Bxd2 0-0 13. Rc1 Nb6 14. b3 Rc8 15. Rxc8 Qxc8 16. Qb1 Qc6 17. a4 Rc8 18. Rc1 Qd7 19. Rxc8+ Qxc8 20. h4 h5 21. g3 Qc6 22. Kg2 Nc8 23. Qd3 a6 24. Bg5 Bf8 25. Qd2 b5 26. axb5 Qxb5 27. Qc2 Qb7 28. Bd8 Ne7 29. Bxe7 Bxe7 30. Ng5 Bxg5 31. hxg5 g6 32. Qc3 Kg7 33. Qf3 Qb6 34. Qc3 Qb5 35. Qf3 Kg8 36. Qe3 a5 37. Kg1 Qb4 38. Kg2 Kf8 39. Kh2 Kg7 40. Kg2 Kg8 41. Kg1 Qa3 42. Kg2 Qb2 43. Kh2 Qc2 44. Qe1 Kg7 45. Qe3 Qf5 46. Kg2 Qg4 47. Kf1 Qd1+ 48. Kg2 Qg4 49. Kf1 h4 50. gxh4 Qxh4 51. Ke2 Kf8 52. Kd2 Qh1 53. Kc2 Qf1 54. Qd2 Ke8 55. Qxa5 Qxf2+ 56. Qd2 Qf1 57. Kb2 Kd7 58. Ka3 Qa6+ 59. Kb4 Qb6+ 60. Ka4 1/2-1/2

[Event "Titled Tuesday intern op 18th Mar Late"]
[Site "Chess.com INT"]
[Date "2025.03.18"]
[Round "7"]
[White "Harikrishna, Pentala"]
[Black "Shirov, Alexei"]
[Result "0-1"]
[WhiteElo "2704"]
[BlackElo "2652"]
[PlyCount "114"]
[EventDate "2025.03.18"]
[EventType "swiss (blitz)"]
[EventRounds "11"]
[EventCountry "USA"]
[SourceTitle "CB13_2025"]
[SourceDate "2025.03.26"]
[SourceVersion "1"]
[SourceVersionDate "2025.03.26"]
[SourceQuality "1"]

1. Nf3 d5 2. d4 Nf6 3. c4 c6 4. Nc3 e6 5. e3 Nbd7 6. Be2 Bd6 7. 0-0 0-0 8. b3 b6 9. Bb2 Bb7 10. Bd3 Qe7 11. e4 dxe4 12. Nxe4 Nxe4 13. Bxe4 Nf6 14. Bc2 c5 15. dxc5 Bxc5 16. Qe2 Ba3 17. Bc3 Bb4 18. Be5 Bd6 19. Nd4 Bxe5 20. Qxe5 Qc5 21. Qxc5 bxc5 22. Nb5 Rfd8 23. Rad1 Kf8 24. Rxd8+ Rxd8 25. Rd1 Rxd1+ 26. Bxd1 a6 27. Nc3 Ke7 28. f3 Nd7 29. h4 Ne5 30. Kf2 Kd6 31. Ke3 f5 32. f4 Nd7 33. g3 e5 34. a3 Nf6 35. b4 exf4+ 36. Kxf4 Ne4 37. Nxe4+ Bxe4 38. Bf3 Bd3 39. Bd5 h6 40. Ke3 Bb1 41. h5 Ba2 42. Kf4 Bb3 43. Be4 fxe4 44. Kxe4 Bxc4 45. Kf5 Bf7 46. g4 Kd5 47. bxc5 Kxc5 48. Ke5 Kb5 49. Kd6 Bc4 50. Ke7 Be2 51. Kf7 Bxg4 52. Kxg7 Ka4 53. Kxh6 Kxa3 54. Kg5 Bxh5 55. Kf4 Kb2 56. Ke3 a5 57. Kd2 a4 0-1

[Event "Titled Tuesday intern op 18th Mar Late"]
[Site "Chess.com INT"]
[Date "2025.03.18"]
[Round "5"]
[White "Sargsyan, Anna M"]
[Black "Shirov, Alexei"]
[Result "0-1"]
[WhiteElo "2357"]
[BlackElo "2652"]
[PlyCount "44"]
[EventDate "2025.03.18"]
[EventType "swiss (blitz)"]
[EventRounds "11"]
[EventCountry "USA"]
[SourceTitle "CB13_2025"]
[SourceDate "2025.03.26"]
[SourceVersion "1"]
[SourceVersionDate "2025.03.26"]
[SourceQuality "1"]

1. e4 e6 2. b3 d5 3. Bb2 Nf6 4. e5 Nfd7 5. f4 c5 6. Nf3 Nc6 7. Be2 Be7 8. 0-0 0-0 9. Nc3 f6 10. exf6 Bxf6 11. Kh1 b6 12. Bb5 Bb7 13. Qe1 Qe7 14. Qg3 a6 15. Bxc6 Bxc6 16. Rae1 Rae8 17. Nd1 Bxb2 18. Nxb2 Qf6 19. Nd3 Bb5 20. Nfe5 Nxe5 21. Nxe5 Bxf1 22. Nd7 Qxf4 0-1

[Event "Titled Tuesday intern op 18th Mar Late"]
[Site "Chess.com INT"]
[Date "2025.03.18"]
[Round "3"]
[White "Shirov, Alexei"]
[Black "Leenhouts, Koen"]
[Result "1-0"]
[WhiteElo "2652"]
[BlackElo "2485"]
[PlyCount "93"]
[EventDate "2025.03.18"]
[EventType "swiss (blitz)"]
[EventRounds "11"]
[EventCountry "USA"]
[SourceTitle "CB13_2025"]
[SourceDate "2025.03.26"]
[SourceVersion "1"]
[SourceVersionDate "2025.03.26"]
[SourceQuality "1"]

1. e4 c5 2. Nf3 e6 3. d4 cxd4 4. Nxd4 a6 5. c4 Nf6 6. Nc3 Bb4 7. Qc2 0-0 8. e5 Ng4 9. f4 Bc5 10. Nf3 Bf2+ 11. Ke2 Ba7 12. h3 Nh6 13. g4 b5 14. Bg2 Nc6 15. Be3 Bxe3 16. Kxe3 f5 17. g5 Nf7 18. Rad1 bxc4 19. Kf2 Rb8 20. Kg3 Qb6 21. Na4 Qb4 22. Nd4 Nxd4 23. Rxd4 d5 24. exd6 e5 25. Rxc4 Qxd6 26. Rd1 exf4+ 27. Kf2 Qe7 28. Qd2 Nxg5 29. Qxf4 Be6 30. Rc7 Qf6 31. Rd6 Ne4+ 32. Bxe4 fxe4 33. Qxf6 Rxf6+ 34. Ke3 Bxh3 35. Rxf6 gxf6 36. b3 Bf5 37. Nc5 Rd8 38. Kf4 Bg6 39. b4 Re8 40. Ke3 Rd8 41. a4 Rd1 42. b5 Re1+ 43. Kf2 Rb1 44. bxa6 Rb2+ 45. Ke3 Rb8 46. a7 Ra8 47. Nd7 1-0

[Event "Titled Tuesday intern op 11th Mar Late"]
[Site "Chess.com INT"]
[Date "2025.03.11"]
[Round "4"]
[White "Piesik, Piotr"]
[Black "Shirov, Alexei"]
[Result "1/2-1/2"]
[WhiteElo "2434"]
[BlackElo "2652"]
[PlyCount "89"]
[EventDate "2025.03.11"]
[EventType "swiss (blitz)"]
[EventRounds "11"]
[EventCountry "USA"]
[SourceTitle "CB12_2025"]
[SourceDate "2025.03.19"]
[SourceVersion "1"]
[SourceVersionDate "2025.03.19"]
[SourceQuality "1"]

1. e4 e5 2. Nc3 Nf6 3. Bc4 Nxe4 4. Qh5 Nd6 5. Bb3 Be7 6. Qxe5 0-0 7. Nf3 Nc6 8. Qf4 Na5 9. 0-0 Nxb3 10. axb3 b6 11. Nd5 Bb7 12. Nxe7+ Qxe7 13. Re1 Qd8 14. d4 Re8 15. Bd2 Re4 16. Rxe4 Nxe4 17. Re1 d5 18. Ne5 f6 19. Nd3 Qd7 20. f3 Nd6 21. Bb4 Re8 22. Bxd6 Rxe1+ 23. Nxe1 cxd6 24. Kf2 a5 25. Qe3 Ba6 26. Nd3 Bxd3 27. Qxd3 h6 28. Qa6 Qc6 29. c3 Kf7 30. Qa7+ Kg6 31. Qa6 h5 32. h4 Kh6 33. Qa7 Qb5 34. Qb8 Kh7 35. Qxd6 Qxb3 36. Kg3 a4 37. Qe6 Qxb2 38. Qf5+ Kh6 39. Qc8 a3 40. Qh8+ Kg6 41. Qe8+ Kf5 42. Qc8+ Kg6 43. Qe8+ Kh6 44. Qh8+ Kg6 45. Qe8+ 1/2-1/2